TOTY FC25 - Statistics

General Stats
  • This quiz has been taken 155 times
  • The average score is 14 of 22
Answer Stats
Hint Gender Answer % Correct
96 ST Male Mbappe
92%
97 CAM Male Bellingham
89%
97 CDM Male Rodri
89%
96 CB Male Van dijk
84%
97 LW Male Vinicius Jr
84%
94 GK Male Martinez
79%
96 RW Male Salah
79%
95 RB Male Carvajal
74%
95 CB Male Saliba
74%
94 LB Male Grimaldo
73%
95 CAM Male Palmer
69%
97 CM Female Bonmati
60%
96 CM Female Putellas
52%
97 RW Female Hansen
51%
96 RW Female James
51%
97 ST Female Smith
50%
94 GK Female Berger
40%
95 CB Female Renard
39%
94 RB Female Bronze
37%
96 LM Female Reiten
34%
95 LB Female Karchaoui
33%
94 CB Female Paredes
32%
No matching quizzes found
Score Distribution
Percent of People with Each Score
Percentile by Number Answered
Your Score History
You have not taken this quiz